000 00908nam a2200265Ia 4500
003 OSt
005 20221005112431.0
006 a|||||r|||| 00| 0
007 ta
008 221004b |||||||| |||| 00| 0 pan d
020 _a9789351130024 (hbk)
_c240
024 _a17813
037 _b928, 27/03/2015, H.K. Prakashan
_cTextual
040 _aCRL
_cCRL
_bpan
041 _2pan
_apan
082 _aY5927.2, 153P5;Q3
100 _aਸਿੰਘ, ਭੀਮ ਇਦਰ, ਥਦ.
245 0 _aਦਲਿਤ ਚਿੰਤਨ
_b ਮਾਰਕਸੀ ਪਰਿਪੇਖ
250 _a2
260 _aਚੰਡੀਗੜ
_bਯੂਨੀਸਟਾਰ ਭਾਰਤ
_c2013
300 _a182ਪੰ
_ccm.
650 _aਸਮਾਜ Fਾਸਤਰ
942 _hY5927.2, 153P5;Q3
_cTEXL
_2cc
999 _c1024885
_d1024885